[Event "GRE-chT 44th"]
[Site "Achaia"]
[Date "2016.07.07"]
[Round "4.4"]
[White "Stavrianakis, Ioannis"]
[Black "Kofidis, Andreas"]
[Result "1/2-1/2"]
[WhiteElo "2277"]
[BlackElo "2408"]
[PlyCount "113"]
[EventDate "2016.07.05"]
[EventType "team-swiss"]
[EventRounds "7"]
[EventCountry "GRE"]
[SourceTitle "CBM 173 Extra"]
[Source "ChessBase"]
[SourceDate "2016.08.29"]
[SourceVersion "1"]
[SourceVersionDate "2016.08.29"]
[SourceQuality "1"]
[WhiteTeam "Heraklion CN"]
[BlackTeam "Panionios GS"]
[WhiteTeamCountry "GRE"]
[BlackTeamCountry "GRE"]

1. d4 Nf6 2. c4 g6 3. Nc3 d5 4. Nf3 c6 5. cxd5 cxd5 6. Bf4 Nc6 7. e3 Bg7 8. Be2 0-0 9. h3 Ne4 10. Rc1 Nxc3 11. Rxc3 Be6 12. 0-0 Rc8 13. Qd2 f6 14. Rfc1 Bd7 15. b4 a6 16. a4 Qe8 17. b5 axb5 18. axb5 Na7 19. Qa2 Rxc3 20. Rxc3 Nxb5 21. Bxb5 Bxb5 22. Qxd5+ Rf7 23. Rc7 e6 24. Qxb7 Rxc7 25. Qxc7 Qc6 26. Nd2 e5 27. Qd8+ Kf7 28. dxe5 fxe5 29. Bg3 Bf6 30. Qb8 Be2 31. Kh2 Qd5 32. Qb3 Qxb3 33. Nxb3 Ke6 34. Nd2 Bd3 35. f3 Be7 36. Kg1 Bb4 37. Nf1 Be7 38. Bf2 Bd8 39. e4 Bc4 40. Bc5 Bg5 41. g3 Bc1 42. Kf2 Bb5 43. Nh2 Bd3 44. Be3 Ba3 45. Kg2 h5 46. h4 Bb4 47. g4 Ba5 48. gxh5 gxh5 49. Bg5 Bb6 50. Nf1 Bxf1+ 51. Kxf1 Bc5 52. Ke2 Bb6 53. f4 exf4 54. Kf3 Ba5 55. Bxf4 Be1 56. Bg5 Ke5 57. Bf4+ 1/2-1/2

[Event "GRE-chT 42nd"]
[Site "Porto Rio"]
[Date "2014.07.01"]
[Round "5.3"]
[White "Stavrianakis, Ioannis"]
[Black "Iskos, Alexandros"]
[Result "0-1"]
[WhiteElo "2267"]
[BlackElo "2172"]
[PlyCount "80"]
[EventDate "2014.06.28"]
[EventType "team-swiss"]
[EventRounds "7"]
[EventCountry "GRE"]
[SourceTitle "CBM 161 Extra"]
[Source "ChessBase"]
[SourceDate "2014.08.29"]
[SourceVersion "1"]
[SourceVersionDate "2014.08.29"]
[SourceQuality "1"]
[WhiteTeam "Irakleiou CN"]
[BlackTeam "Mapou Thunder"]
[WhiteTeamCountry "GRE"]
[BlackTeamCountry "GRE"]

1. d4 Nf6 2. c4 e6 3. Nc3 Bb4 4. e3 b6 5. Nge2 Ba6 6. a3 Bxc3+ 7. Nxc3 d5 8. b3 0-0 9. Bb2 c5 10. dxc5 bxc5 11. Be2 Bb7 12. 0-0 Nbd7 13. Rc1 Qe7 14. Qc2 Rac8 15. Rfd1 Nb6 16. a4 dxc4 17. bxc4 Rfd8 18. a5 Nbd7 19. Nb5 Be4 20. Qc3 Nb8 21. f3 Bg6 22. Qa3 Nc6 23. a6 Ne8 24. Bc3 Nb4 25. Qb3 Nxa6 26. Rxd8 Rxd8 27. Ra1 Nb4 28. Rxa7 Qg5 29. f4 Qf5 30. Bxb4 cxb4 31. Nd4 Qc5 32. Qa4 Be4 33. Ra5 Qe7 34. c5 e5 35. fxe5 Qg5 36. Nf3 Qxe3+ 37. Kf1 b3 38. Qb5 Nc7 39. Qb6 Rd1+ 40. Bxd1 Bd3+ 0-1

[Event "Heraklio SOI op 10th"]
[Site "Heraklion"]
[Date "2014.01.07"]
[Round "7"]
[White "Stavrianakis, Ioannis"]
[Black "Stefanatos, Nikolaos"]
[Result "1-0"]
[WhiteElo "2256"]
[BlackElo "1888"]
[PlyCount "79"]
[EventDate "2014.01.09"]
[EventType "swiss"]
[EventRounds "7"]
[EventCountry "GRE"]
[SourceTitle "EXT 2024"]
[Source "ChessBase"]
[SourceDate "2023.10.10"]
[SourceVersion "1"]
[SourceVersionDate "2023.10.10"]
[SourceQuality "1"]

1. d4 Nf6 2. c4 e6 3. Nc3 Bb4 4. e3 c5 5. Nf3 b6 6. Bd3 Bb7 7. 0-0 0-0 8. a3 cxd4 9. exd4 Be7 10. b4 d6 11. Rb1 Nbd7 12. Re1 a6 13. h3 Re8 14. Bf4 Ra7 15. Nd2 Bf8 16. Bg3 h6 17. Nb3 Qa8 18. Bf1 Ne4 19. Nxe4 Bxe4 20. Rc1 Rc8 21. f3 Bg6 22. Qd2 a5 23. Ra1 axb4 24. axb4 Rxa1 25. Rxa1 Qb7 26. Qa2 Nb8 27. Qa8 Qc6 28. b5 Qe8 29. Qb7 d5 30. c5 bxc5 31. dxc5 Bc2 32. c6 Bxb3 33. Ra8 e5 34. c7 Bd6 35. b6 d4 36. Bb5 Qf8 37. Bd7 d3 38. Be1 Bxc7 39. bxc7 Qc5+ 40. Kh2 1-0

[Event "Iraklio SOI op-A 9th"]
[Site "Iraklio"]
[Date "2013.09.07"]
[Round "6"]
[White "Lirindzakis, Timotheos"]
[Black "Stavrianakis, Ioannis"]
[Result "1/2-1/2"]
[WhiteElo "2266"]
[BlackElo "2273"]
[PlyCount "85"]
[EventDate "2013.09.03"]
[EventType "swiss"]
[EventRounds "7"]
[EventCountry "GRE"]
[SourceTitle "EXT 2024"]
[Source "ChessBase"]
[SourceDate "2023.10.10"]
[SourceVersion "1"]
[SourceVersionDate "2023.10.10"]
[SourceQuality "1"]

1. d4 Nf6 2. c4 e6 3. Nf3 b6 4. g3 Bb4+ 5. Bd2 Be7 6. Bg2 Ba6 7. Ne5 c6 8. Nc3 d5 9. Qa4 Bb7 10. 0-0 0-0 11. cxd5 cxd5 12. Rac1 a6 13. Rc2 Nfd7 14. Nxd7 b5 15. Qb3 Qxd7 16. e3 Nc6 17. Ne2 Rfc8 18. Rfc1 Bd6 19. Nf4 Bxf4 20. gxf4 Ne7 21. Ba5 Rxc2 22. Rxc2 Rc8 23. Rxc8+ Qxc8 24. Qc3 Qxc3 25. Bxc3 Nc6 26. f5 g6 27. fxe6 fxe6 28. a3 Kf7 29. Bf1 Bc8 30. Bd3 Bd7 31. f3 Be8 32. Kf2 h6 33. h4 Kg7 34. e4 Kf6 35. Ke3 g5 36. Be1 Ne7 37. Bg3 Ng6 38. hxg5+ hxg5 39. Bc7 Ke7 40. Bg3 Kd7 41. exd5 exd5 42. Bf5+ Kc6 43. Bxg6 1/2-1/2

[Event "Rethymno op 5th"]
[Site "Rethymno"]
[Date "2013.08.02"]
[Round "7"]
[White "Kopasov, Evgeny Aleksandrovi"]
[Black "Stavrianakis, Ioannis"]
[Result "0-1"]
[WhiteElo "1993"]
[BlackElo "2298"]
[PlyCount "120"]
[EventDate "2013.07.28"]
[EventType "swiss"]
[EventRounds "9"]
[EventCountry "GRE"]
[SourceTitle "CBM 155 Extra"]
[Source "ChessBase"]
[SourceDate "2013.08.26"]
[SourceVersion "1"]
[SourceVersionDate "2013.08.26"]
[SourceQuality "1"]

1. d4 Nf6 2. c4 e6 3. Nc3 Bb4 4. Qc2 b6 5. a3 Bxc3+ 6. Qxc3 Bb7 7. Bg5 d6 8. e3 Nbd7 9. Ne2 c5 10. Rd1 Qc7 11. Qc2 0-0 12. Nc3 a6 13. Be2 cxd4 14. Rxd4 e5 15. Rh4 h6 16. Bxf6 Nxf6 17. Bf3 d5 18. cxd5 Nxd5 19. 0-0 Rac8 20. Bxd5 Bxd5 21. Rd1 Qc6 22. e4 Be6 23. Qe2 Rfd8 24. Nd5 Bxd5 25. exd5 Rxd5 26. Rxd5 Qxd5 27. h3 Rc1+ 28. Kh2 Qc5 29. b4 Qc2 30. Qxc2 Rxc2 31. Re4 f6 32. f4 exf4 33. Rxf4 Rc3 34. a4 Ra3 35. b5 axb5 36. Rb4 bxa4 37. Rxb6 Rb3 38. Ra6 a3 39. Ra7 h5 40. h4 Kh7 41. Kg1 Kg6 42. Ra5 Rb4 43. g3 Rb3 44. Kg2 Rb2+ 45. Kf3 a2 46. Kf4 Kf7 47. Ra6 g6 48. Ke4 Ke7 49. Ke3 Kd7 50. Ke4 Kc7 51. Kd5 Rd2+ 52. Ke4 Kb7 53. Ra3 Kc6 54. Ke3 Rg2 55. Kf3 Rb2 56. Ke4 Kc5 57. Ra8 Kb4 58. Kd5 Re2 59. Kd4 Rd2+ 60. Ke4 Kb3 0-1

[Event "Anogia op 2nd"]
[Site "Anogia"]
[Date "2013.07.14"]
[Round "6"]
[White "Stavrianakis, Ioannis"]
[Black "Sienczewski, Zbigniew"]
[Result "0-1"]
[WhiteElo "2298"]
[BlackElo "2075"]
[PlyCount "78"]
[EventDate "2013.07.10"]
[EventType "swiss"]
[EventRounds "9"]
[EventCountry "GRE"]
[SourceTitle "CBM 155 Extra"]
[Source "ChessBase"]
[SourceDate "2013.08.26"]
[SourceVersion "1"]
[SourceVersionDate "2013.08.26"]
[SourceQuality "1"]

1. Nf3 g6 2. d4 c5 3. e3 Nf6 4. c3 b6 5. Nbd2 Bg7 6. Bd3 0-0 7. 0-0 Bb7 8. Re1 d6 9. e4 cxd4 10. cxd4 Nc6 11. Bb1 Rc8 12. h3 Qc7 13. a3 e5 14. d5 Ne7 15. Nf1 Nh5 16. Bg5 h6 17. Bxe7 Qxe7 18. g3 Rc7 19. Ne3 Bc8 20. Kh2 Nf6 21. Bd3 h5 22. Rc1 Bh6 23. Rxc7 Qxc7 24. Re2 Qd7 25. Ng1 Bb7 26. Qb3 Rc8 27. Nc4 h4 28. Nf3 hxg3+ 29. fxg3 Kg7 30. Kg2 Rh8 31. Qb4 Bf4 32. Ng1 Bc8 33. Nxd6 Rxh3 34. Nf5+ gxf5 35. Nxh3 fxe4 36. Nxf4 exf4 37. Bxe4 Qg4 38. Kf1 Ba6 39. Qd2 Nxe4 0-1

[Event "Anogia op 2nd"]
[Site "Anogia"]
[Date "2013.07.11"]
[Round "2"]
[White "Stavrianakis, Ioannis"]
[Black "Koutsogiannopoulou, Theodora"]
[Result "1-0"]
[WhiteElo "2298"]
[BlackElo "1886"]
[PlyCount "67"]
[EventDate "2013.07.10"]
[EventType "swiss"]
[EventRounds "9"]
[EventCountry "GRE"]
[SourceTitle "CBM 155 Extra"]
[Source "ChessBase"]
[SourceDate "2013.08.26"]
[SourceVersion "1"]
[SourceVersionDate "2013.08.26"]
[SourceQuality "1"]

1. d4 d5 2. Nf3 c6 3. e3 Nf6 4. c4 e6 5. Nc3 Be7 6. Qc2 a6 7. b3 b5 8. Be2 0-0 9. 0-0 Nbd7 10. Bb2 Bb7 11. Rac1 Rc8 12. Rfd1 b4 13. Na4 c5 14. Qb1 a5 15. cxd5 Nxd5 16. Nxc5 Nxc5 17. dxc5 Qe8 18. Qd3 Bxc5 19. Bxg7 Kxg7 20. Rxc5 Nc3 21. Rg5+ Kf6 22. Qd4+ Ke7 23. Re1 Rg8 24. Rg3 Qd7 25. Qh4+ Kf8 26. Bc4 Rxg3 27. hxg3 Bxf3 28. gxf3 Nxa2 29. Kg2 Nc3 30. Rh1 Rd8 31. Qf6 Kg8 32. Rh5 Qd2 33. Qg5+ Kf8 34. Rxh7 1-0

[Event "Belgrade Trophy 26th"]
[Site "Belgrade"]
[Date "2012.11.26"]
[Round "3"]
[White "Stavrianakis, Ioannis"]
[Black "Stojanovic, Dalibor"]
[Result "0-1"]
[WhiteElo "2316"]
[BlackElo "2488"]
[PlyCount "118"]
[EventDate "2012.11.24"]
[EventType "swiss"]
[EventRounds "9"]
[EventCountry "SRB"]
[SourceTitle "CBM 151 Extra"]
[Source "ChessBase"]
[SourceDate "2012.12.18"]
[SourceVersion "1"]
[SourceVersionDate "2012.12.18"]
[SourceQuality "1"]

1. d4 g6 2. Nf3 Nf6 3. c3 Bg7 4. Nbd2 d6 5. g3 0-0 6. Bg2 Nc6 7. 0-0 e5 8. dxe5 dxe5 9. e4 a5 10. Qc2 Be6 11. Rd1 Qc8 12. Nf1 h6 13. Ne3 Rd8 14. Rxd8+ Qxd8 15. Bf1 Qe7 16. Nc4 Nd7 17. Be3 f5 18. Ncd2 Qf7 19. Bd3 f4 20. gxf4 exf4 21. Bd4 g5 22. Bxg7 Kxg7 23. Nd4 Nce5 24. Be2 g4 25. Nxe6+ Qxe6 26. Qb3 Qxb3 27. Nxb3 Nf6 28. Nc5 Kf7 29. Rd1 b6 30. Nd3 Nxd3 31. Bxd3 Re8 32. f3 h5 33. Kf2 Ke6 34. Bc4+ Ke5 35. Bf7 Rh8 36. Bg6 c6 37. Bf7 Rh7 38. Bg6 Rg7 39. Bf5 Rg8 40. Ke2 b5 41. Kf2 Rb8 42. Ke2 a4 43. Kf2 b4 44. c4 b3 45. a3 Rg8 46. c5 gxf3 47. Kxf3 Ng4 48. Rd6 Nxh2+ 49. Kf2 Rg3 50. Rxc6 Ng4+ 51. Bxg4 hxg4 52. Rg6 Rf3+ 53. Ke2 Re3+ 54. Kd2 Kxe4 55. Rxg4 Rd3+ 56. Ke2 Rd5 57. Rg8 f3+ 58. Kf2 Rd2+ 59. Ke1 Rxb2 0-1

[Event "GRE-chT 40th"]
[Site "Achaia"]
[Date "2012.06.30"]
[Round "1.10"]
[White "Stavrianakis, Ioannis"]
[Black "Tepelenis, Nikolaos"]
[Result "1-0"]
[WhiteElo "2318"]
[BlackElo "2131"]
[PlyCount "81"]
[EventDate "2012.06.30"]
[EventType "team-swiss"]
[EventRounds "7"]
[EventCountry "GRE"]
[SourceTitle "CBM 149 Extra"]
[Source "ChessBase"]
[SourceDate "2012.08.24"]
[SourceVersion "1"]
[SourceVersionDate "2012.08.24"]
[SourceQuality "1"]
[WhiteTeam "Heraklion CN"]
[BlackTeam "Elefsinas STM"]
[WhiteTeamCountry "GRE"]
[BlackTeamCountry "GRE"]

1. d4 e6 2. Nf3 Nf6 3. c4 c5 4. d5 exd5 5. cxd5 d6 6. Nc3 g6 7. e4 a6 8. a4 Bg4 9. Be2 Bxf3 10. Bxf3 Bg7 11. 0-0 0-0 12. Bf4 Qe7 13. Qc2 Nbd7 14. h3 c4 15. Be2 Nc5 16. Bxc4 Nfxe4 17. Rae1 Bxc3 18. bxc3 Qf6 19. Rxe4 Nxe4 20. Qxe4 Rac8 21. Bd2 Rfe8 22. Qd3 Qh4 23. Bb3 Qe4 24. Qxe4 Rxe4 25. Re1 Rxe1+ 26. Bxe1 b5 27. axb5 axb5 28. Kf1 Ra8 29. Ke2 Kg7 30. Bd2 Kf6 31. Bf4 Ra3 32. Bd1 Ke7 33. Kd2 Ra2+ 34. Bc2 Kd7 35. Be3 Ke7 36. Kc1 Ra8 37. Kb2 Rb8 38. Kb3 f5 39. Bg5+ Kd7 40. Bd3 Kc7 41. Be3 1-0

[Event "Heraklion op 7th"]
[Site "Heraklion"]
[Date "2011.08.12"]
[Round "8"]
[White "Adams, Tim P"]
[Black "Stavrianakis, Ioannis"]
[Result "0-1"]
[WhiteElo "1935"]
[BlackElo "2270"]
[PlyCount "56"]
[EventDate "2011.08.06"]
[EventType "swiss"]
[EventRounds "9"]
[EventCountry "GRE"]
[SourceTitle "CBM 144 Extra"]
[Source "ChessBase"]
[SourceDate "2011.10.28"]
[SourceVersion "1"]
[SourceVersionDate "2011.10.28"]
[SourceQuality "1"]

1. e4 c5 2. Nc3 Nc6 3. g3 e6 4. Bg2 Nf6 5. f4 d5 6. e5 Nd7 7. Nf3 f6 8. exf6 Nxf6 9. d3 Bd6 10. 0-0 0-0 11. Re1 a6 12. h3 Re8 13. Ne2 e5 14. Nxe5 Nxe5 15. fxe5 Bxe5 16. Bf4 Bxb2 17. Rb1 Be5 18. Bxe5 Rxe5 19. Nf4 Qd6 20. Rxe5 Qxe5 21. Rb6 Rb8 22. Qb1 g5 23. Nxd5 Nxd5 24. Qb3 Qd4+ 25. Kh2 c4 26. Qa4 Nf6 27. Qa5 Kf7 28. Bd5+ Nxd5 0-1

[Event "Heraklion op 7th"]
[Site "Heraklion"]
[Date "2011.08.11"]
[Round "7"]
[White "Stavrianakis, Ioannis"]
[Black "Kouvatsos, Filippos"]
[Result "1/2-1/2"]
[WhiteElo "2270"]
[BlackElo "2152"]
[PlyCount "82"]
[EventDate "2011.08.06"]
[EventType "swiss"]
[EventRounds "9"]
[EventCountry "GRE"]
[SourceTitle "CBM 144 Extra"]
[Source "ChessBase"]
[SourceDate "2011.10.28"]
[SourceVersion "1"]
[SourceVersionDate "2011.10.28"]
[SourceQuality "1"]

1. d4 d5 2. c4 c6 3. Nc3 Nf6 4. Nf3 Bf5 5. e3 e6 6. Be2 Nbd7 7. 0-0 h6 8. b3 Be7 9. Bb2 0-0 10. h3 Ne4 11. Nxe4 Bxe4 12. Bd3 Bxd3 13. Qxd3 a5 14. e4 dxe4 15. Qxe4 a4 16. Bc3 axb3 17. axb3 Qb6 18. Qc2 Bb4 19. Bb2 Nf6 20. Rfd1 Rxa1 21. Bxa1 Be7 22. Bc3 Ra8 23. Ne5 Ra3 24. Rb1 Bb4 25. c5 Qb5 26. Bb2 Ra2 27. Nc4 Qa6 28. Rc1 Nd5 29. Qb1 Qa8 30. g3 Ra6 31. Qe4 Ba5 32. Rd1 Bc7 33. Rd3 Qd8 34. Rf3 Qe7 35. Kg2 Ra8 36. Bc1 Rd8 37. Bd2 Nf6 38. Qh4 Nd5 39. Qe4 Nf6 40. Qh4 Nd5 41. Qe4 Nf6 1/2-1/2